000
00301nam a22001217a 4500
008
181126b xxu||||| |||| 00| 0 eng d
041
_a
eng
080
_a
043.3
100
_a
0
101
_a
MTH-ARK
245
_a
Ekosistemi i Zones se Blinajes dhe Funskionalizimi Urban
_c
Gashi, F.A
942
_2
udc
_c
BK
999
_c
52518
_d
52518